000 00442nam a22001817a 4500
005 20251108164009.0
008 250721s2000 xx 000 0 ara d
082 1 4 _a613/زعب
100 1 _aالزعبي، محمد حسن
245 1 0 _aالموجز في الصحة العامة /
264 _c2000.
300 _a200ص
650 1 7 _aالصحة
650 1 7 _aالطب
650 1 7 _aالأمراض
942 _2ddc
_cBK
999 _c1010
_d1010